| 000 | 01804cam a22004934i 4500 | ||
|---|---|---|---|
| 003 | PE-LiUPU | ||
| 005 | 20250731173551.0 | ||
| 008 | 150616s r 000 0 d | ||
| 020 | _a0931464617 | ||
| 035 | _a(Sirsi) i9780931464614 | ||
| 040 |
_aPE-LiUPU _bspa _cPE-LiUPU _erda |
||
| 049 | _aPRUA | ||
| 082 | 0 | 4 |
_a221.066 _bS78 _221 |
| 245 | 0 | 0 |
_aSha`arei Talmon: Studies in the Bible, Qumram, and the Ancient Near East Presented to Shemaryahu Talmon / _cEditado por Michael Fishbane y Emanuel Tov. |
| 264 | 1 |
_aWinona Lake, Indiana : _bEisenbrauns, _c1992. |
|
| 300 |
_avarias ; _c24 centímetros |
||
| 336 |
_atext _2rdacontent |
||
| 337 |
_aunmediated _2rdamedia |
||
| 338 |
_avolume _2rdacarrier |
||
| 504 | _aBibliografía al pie de algunas páginas. | ||
| 505 | 0 | _aBiblical literature and exegesis.- Textual criticism.- Qumram.- Judaism.- Ancient Near Eeast. | |
| 526 | _aSEG42 | ||
| 526 | _aSEG41 | ||
| 526 | _aSEG40 | ||
| 526 | _aSEG39 | ||
| 526 | _aP94 | ||
| 526 | _aP87 | ||
| 526 | _aP86 | ||
| 526 | _aP85 | ||
| 526 | _aP77 | ||
| 526 | _aP76 | ||
| 526 | _aP35 | ||
| 630 |
_aBiblia. _pA.T. _xCrítica, interpretación, etc. |
||
| 650 | 0 | 4 |
_aManuscritos del mar Muerto _xCrítica, interpretación, etc. |
| 700 | 1 |
_aFishbane, Michael, _eeditor. |
|
| 700 | 1 |
_aTov, Emanuel, _eeditor. |
|
| 910 |
_ajck _bjvq _cjck |
||
| 942 |
_2ddc _cBOOK |
||
| 949 |
_a221.066 S78 _wDEWEY _c1 _i43153 _lCCODEBUL1 _mBUL _r0 _sY _tBOOK _u2015-6-16 _xTEOLOGIA _zUNKNOWN _0COMPRA _o.STAFF. Colección General |
||
| 994 |
_aC0 _bPEPRU |
||
| 596 | _a1 | ||
| 999 |
_a221.066 S78 _wDEWEY _c61111 _i43153 _f2021-11-9 _g5 _lCCODEBUL1 _mBUL _r0 _sY _tBOOK _u2015-6-16 _xTEOLOGIA _zUNKNOWN _0COMPRA _o.STAFF. Colección General _d61111 |
||
| 980 |
_81 _gALBERTO SANCHEZ Responsable de Automatización |
||